[Event "Amateur Tournament (ATO)"]
[Site "https://www.chess.com"]
[Date "2025.07.16"]
[Round "2"]
[White "Hasini Kamabathula"]
[Black "Schaefer, Gion"]
[Result "1-0"]
[Board "23"]
[WhiteFideId "25712837"]
[BlackFideId "1362097"]
[WhiteElo "1624"]
[BlackElo "1812"]
[WhiteTeam "IND"]
[BlackTeam "SUI"]
[WhiteClock "0:21:52"]
[BlackClock "0:42:08"]
[Variant "Standard"]

1. e4 {[%clk 1:30:55]}  c5 {[%clk 1:30:51]} 2. Nf3 {[%clk 1:31:19]}  e6 {[%clk 1:30:41]} 3. d4 {[%clk 1:31:42]}  cxd4 {[%clk 1:31:01]} 4. Nxd4 {[%clk 1:32:07]}  Nf6 {[%clk 1:31:16]} 5. Nc3 {[%clk 1:32:32]}  Nc6 {[%clk 1:31:31]} 6. Be3 {[%clk 1:32:34]}  Bb4 {[%clk 1:31:18]} 7. f3 {[%clk 1:31:59]}  d5 {[%clk 1:31:12]} 8. Nxc6 {[%clk 1:30:52]}  bxc6 {[%clk 1:31:08]} 9. e5 {[%clk 1:28:10]}  Nd7 {[%clk 1:28:23]} 10. f4 {[%clk 1:28:17]}  c5 {[%clk 1:27:57]} 11. Bd2 {[%clk 1:28:30]}  Bxc3 {[%clk 1:25:10]} 12. Bxc3 {[%clk 1:28:43]}  d4 {[%clk 1:25:24]} 13. Bd2 {[%clk 1:29:05]}  Nxe5 {[%clk 1:25:37]} 14. fxe5 {[%clk 1:14:50]}  Qh4+ {[%clk 1:24:12]} 15. Ke2 {[%clk 1:14:39]}  Ba6+ {[%clk 1:24:27]} 16. Kf3 {[%clk 1:15:02]}  Bb7+ {[%clk 1:24:06]} 17. Ke2 {[%clk 1:15:14]}  Rd8 {[%clk 1:16:09]} 18. Qe1 {[%clk 0:56:31]}  Qh5+ {[%clk 1:08:02]} 19. Kf2 {[%clk 0:56:49]}  Rd5 {[%clk 1:07:34]} 20. Qe2 {[%clk 0:51:27]}  Qf5+ {[%clk 1:05:21]} 21. Kg1 {[%clk 0:50:35]}  d3 {[%clk 0:58:06]} 22. cxd3 {[%clk 0:48:40]}  Rxe5 {[%clk 0:57:55]} 23. Qf2 {[%clk 0:45:26]}  Qg6 {[%clk 0:56:14]} 24. d4 {[%clk 0:43:51]}  Rf5 {[%clk 0:53:49]} 25. Bb5+ {[%clk 0:36:43]}  Ke7 {[%clk 0:52:48]} 26. Qe2 {[%clk 0:35:59]}  Rd8 {[%clk 0:44:50]} 27. Bd3 {[%clk 0:31:27]}  Rxd4 {[%clk 0:41:31]} 28. Bxf5 {[%clk 0:22:06]}  Qxf5 {[%clk 0:41:51]} 29. Rf1 {[%clk 0:21:26]}  Qg6 {[%clk 0:40:53]} 30. Be3 {[%clk 0:19:52]}  Rg4 {[%clk 0:38:18]} 31. Bxc5+ {[%clk 0:19:29]}  Kd8 {[%clk 0:38:29]} 32. Rd1+ {[%clk 0:15:53]}  Kc8 {[%clk 0:37:30]} 33. g3 {[%clk 0:12:49]}  Rxg3+ {[%clk 0:30:35]} 34. hxg3 {[%clk 0:12:49]}  Qxg3+ {[%clk 0:30:58]} 35. Kf1 {[%clk 0:13:12]}  Bxh1 {[%clk 0:31:00]} 36. Bf2 {[%clk 0:09:27]}  Qc7 {[%clk 0:27:52]} 37. Be3 {[%clk 0:08:02]}  Qb7 {[%clk 0:25:01]} 38. Qc4+ {[%clk 0:03:08]}  Qc7 {[%clk 0:24:06]} 39. Qa4 {[%clk 0:00:39]}  Bc6 {[%clk 0:23:11]} 40. Qb4 {[%clk 0:00:34]}  Qe5 {[%clk 0:18:54]} 41. Qf8+ {[%clk 0:00:33]}  Kb7 {[%clk 0:16:49]} 42. Qxf7+ {[%clk 0:00:35]}  Kc8 {[%clk 0:16:25]} 43. Qf8+ {[%clk 0:00:43]}  Kb7 {[%clk 0:16:02]} 44. Qe7+ {[%clk 0:01:05]}  Qc7 {[%clk 0:15:57]} 45. Qb4+ {[%clk 0:00:36]}  Ka8 {[%clk 0:15:41]} 46. Bf4 {[%clk 0:29:34]}  Qc8 {[%clk 0:45:38]} 47. Qa5 {[%clk 0:28:05]}  Bd5 {[%clk 0:45:03]} 48. Rc1 {[%clk 0:24:27]}  Qf8 {[%clk 0:43:53]} 49. Qb4 {[%clk 0:19:40]}  Qxb4 {[%clk 0:42:47]} 50. Rc8+ {[%clk 0:20:05]}  Kb7 {[%clk 0:42:59]} 51. Rb8+ {[%clk 0:20:31]}  Kc6 {[%clk 0:43:08]} 52. Rxb4 {[%clk 0:20:58]}  Bxa2 {[%clk 0:43:26]} 53. Ra4 {[%clk 0:21:22]}  Bb1 {[%clk 0:41:39]} 54. Rxa7 {[%clk 0:21:46]}  Kd5 {[%clk 0:41:50]} 55. Rxg7 {[%clk 0:21:57]}  e5 {[%clk 0:42:08]} 56. Rg5 {[%clk 0:21:52]} 1-0

[Event "Amateur Tournament (ATO)"]
[Site "https://www.chess.com"]
[Date "2025.07.16"]
[Round "2"]
[White "Nuh Nizar Hilmi"]
[Black "Aegerter, Fabrice"]
[Result "1-0"]
[Board "24"]
[WhiteFideId "48754498"]
[BlackFideId "1344854"]
[WhiteElo "1521"]
[BlackElo "1922"]
[WhiteTeam "IND"]
[BlackTeam "SUI"]
[WhiteClock "0:05:04"]
[BlackClock "0:01:41"]
[Variant "Standard"]

1. d4 {[%clk 1:28:56]}  f5 {[%clk 1:30:14]} 2. Nc3 {[%clk 1:28:18]}  Nf6 {[%clk 1:29:54]} 3. Bg5 {[%clk 1:25:53]}  d5 {[%clk 1:30:14]} 4. e3 {[%clk 1:23:13]}  e6 {[%clk 1:26:23]} 5. Nf3 {[%clk 1:19:10]}  Be7 {[%clk 1:18:23]} 6. Ne5 {[%clk 1:12:07]}  O-O {[%clk 1:14:08]} 7. Bd3 {[%clk 1:07:17]}  Nbd7 {[%clk 1:12:15]} 8. Nxd7 {[%clk 0:56:03]}  Bxd7 {[%clk 1:12:05]} 9. O-O {[%clk 0:54:40]}  Be8 {[%clk 1:09:19]} 10. Ne2 {[%clk 0:49:31]}  h6 {[%clk 0:56:52]} 11. Bxf6 {[%clk 0:44:42]}  Rxf6 {[%clk 0:56:07]} 12. c4 {[%clk 0:41:32]}  c6 {[%clk 0:50:40]} 13. Rc1 {[%clk 0:38:57]}  Bh5 {[%clk 0:43:48]} 14. f3 {[%clk 0:35:50]}  Qd7 {[%clk 0:35:01]} 15. Nf4 {[%clk 0:31:14]}  Bf7 {[%clk 0:30:08]} 16. Qd2 {[%clk 0:24:37]}  g5 {[%clk 0:28:55]} 17. Ne2 {[%clk 0:22:41]}  Bg6 {[%clk 0:27:04]} 18. f4 {[%clk 0:19:40]}  Kg7 {[%clk 0:24:18]} 19. c5 {[%clk 0:13:50]}  Rf7 {[%clk 0:21:32]} 20. b4 {[%clk 0:12:17]}  b6 {[%clk 0:16:01]} 21. b5 {[%clk 0:11:45]}  bxc5 {[%clk 0:12:43]} 22. dxc5 {[%clk 0:11:45]}  Bf6 {[%clk 0:11:59]} 23. Qb4 {[%clk 0:09:48]}  e5 {[%clk 0:10:17]} 24. a4 {[%clk 0:08:48]}  gxf4 {[%clk 0:09:03]} 25. exf4 {[%clk 0:08:29]}  e4 {[%clk 0:09:14]} 26. bxc6 {[%clk 0:07:52]}  Qxc6 {[%clk 0:08:07]} 27. Bb5 {[%clk 0:08:08]}  Qc7 {[%clk 0:08:26]} 28. Nd4 {[%clk 0:07:55]}  Re7 {[%clk 0:07:46]} 29. c6 {[%clk 0:06:41]}  Qb6 {[%clk 0:06:34]} 30. Rc5 {[%clk 0:06:49]}  a6 {[%clk 0:05:57]} 31. c7 {[%clk 0:06:35]}  Rc8 {[%clk 0:05:00]} 32. a5 {[%clk 0:04:59]}  Qxa5 {[%clk 0:01:57]} 33. Ne6+ {[%clk 0:04:25]}  Rxe6 {[%clk 0:01:56]} 34. Qxa5 {[%clk 0:04:46]}  Bd4+ {[%clk 0:01:41]} 35. Kh1 {[%clk 0:05:04]} 1-0

[Event "Amateur Tournament (ATO)"]
[Site "https://www.chess.com"]
[Date "2025.07.16"]
[Round "2"]
[White "Wegelin, Reinhard"]
[Black "Brandes, Stefan"]
[Result "1-0"]
[Board "26"]
[WhiteFideId "1305778"]
[BlackFideId "1352890"]
[WhiteElo "1812"]
[BlackElo "1583"]
[WhiteTeam "SUI"]
[BlackTeam "SUI"]
[WhiteClock "0:26:37"]
[BlackClock "0:02:31"]
[Variant "Standard"]

1. Nf3 {[%clk 1:30:47]}  d5 {[%clk 1:30:40]} 2. b3 {[%clk 1:30:38]}  c5 {[%clk 1:30:37]} 3. Bb2 {[%clk 1:30:58]}  Nf6 {[%clk 1:29:52]} 4. e3 {[%clk 1:31:15]}  g6 {[%clk 1:29:53]} 5. Be2 {[%clk 1:29:26]}  Bg7 {[%clk 1:28:11]} 6. O-O {[%clk 1:29:37]}  O-O {[%clk 1:27:27]} 7. d4 {[%clk 1:28:59]}  b6 {[%clk 1:19:02]} 8. c4 {[%clk 1:27:37]}  Nbd7 {[%clk 1:04:17]} 9. Nbd2 {[%clk 1:23:51]}  Bb7 {[%clk 1:03:54]} 10. Rc1 {[%clk 1:22:23]}  Rc8 {[%clk 1:01:13]} 11. cxd5 {[%clk 1:19:43]}  Bxd5 {[%clk 0:58:41]} 12. Bc4 {[%clk 1:11:12]}  Bb7 {[%clk 0:57:09]} 13. Qe2 {[%clk 1:09:05]}  Ne4 {[%clk 0:54:10]} 14. Nxe4 {[%clk 1:07:28]}  Bxe4 {[%clk 0:54:35]} 15. Rfd1 {[%clk 1:07:35]}  e6 {[%clk 0:44:57]} 16. Ba3 {[%clk 1:01:03]}  Qc7 {[%clk 0:35:06]} 17. Ba6 {[%clk 0:59:19]}  Bb7 {[%clk 0:29:47]} 18. dxc5 {[%clk 0:57:18]}  bxc5 {[%clk 0:23:52]} 19. Bb5 {[%clk 0:55:23]}  Ne5 {[%clk 0:18:33]} 20. Nxe5 {[%clk 0:54:25]}  Qxe5 {[%clk 0:18:57]} 21. f4 {[%clk 0:51:01]}  Qf6 {[%clk 0:15:16]} 22. Bxc5 {[%clk 0:50:08]}  Rfd8 {[%clk 0:13:07]} 23. Bd4 {[%clk 0:46:04]}  Qf5 {[%clk 0:08:06]} 24. Bxg7 {[%clk 0:44:46]}  Rxd1+ {[%clk 0:06:49]} 25. Rxd1 {[%clk 0:43:47]}  Rc2 {[%clk 0:05:02]} 26. Bh6 {[%clk 0:40:08]}  Bd5 {[%clk 0:03:14]} 27. Rd2 {[%clk 0:29:44]}  Rc1+ {[%clk 0:03:07]} 28. Kf2 {[%clk 0:28:07]}  Qe4 {[%clk 0:02:45]} 29. Qf3 {[%clk 0:28:05]}  Qb1 {[%clk 0:03:07]} 30. Rxd5 {[%clk 0:26:52]}  Rf1+ {[%clk 0:02:31]} 31. Bxf1 {[%clk 0:26:37]} 1-0

[Event "Amateur Tournament (ATO)"]
[Site "https://www.chess.com"]
[Date "2025.07.16"]
[Round "2"]
[White "Runge, Bernd"]
[Black "Tereshchenko, Eva"]
[Result "0-1"]
[Board "27"]
[WhiteFideId "533024090"]
[BlackFideId "34389903"]
[WhiteElo "1642"]
[BlackElo "1809"]
[WhiteTeam "GER"]
[BlackTeam "FID"]
[WhiteClock "0:07:09"]
[BlackClock "0:05:13"]
[Variant "Standard"]

1. Nf3 {[%clk 1:30:33]}  Nf6 {[%clk 1:30:50]} 2. e3 {[%clk 1:30:38]}  d5 {[%clk 1:31:09]} 3. c4 {[%clk 1:30:17]}  e6 {[%clk 1:31:12]} 4. b3 {[%clk 1:29:49]}  Be7 {[%clk 1:30:38]} 5. Bb2 {[%clk 1:29:25]}  c5 {[%clk 1:30:00]} 6. Be2 {[%clk 1:27:41]}  b6 {[%clk 1:28:42]} 7. cxd5 {[%clk 1:22:39]}  exd5 {[%clk 1:27:22]} 8. Bb5+ {[%clk 1:20:01]}  Bd7 {[%clk 1:26:23]} 9. Bxd7+ {[%clk 1:19:21]}  Nbxd7 {[%clk 1:25:59]} 10. d3 {[%clk 1:15:50]}  O-O {[%clk 1:24:51]} 11. O-O {[%clk 1:16:12]}  Re8 {[%clk 1:23:07]} 12. Nbd2 {[%clk 1:13:30]}  Bd6 {[%clk 1:17:07]} 13. Re1 {[%clk 1:09:52]}  Qc7 {[%clk 1:13:13]} 14. h3 {[%clk 1:00:15]}  a5 {[%clk 1:08:00]} 15. Rc1 {[%clk 0:55:42]}  Qb7 {[%clk 1:04:46]} 16. d4 {[%clk 0:47:16]}  Rac8 {[%clk 0:58:48]} 17. dxc5 {[%clk 0:42:21]}  bxc5 {[%clk 0:57:03]} 18. Rb1 {[%clk 0:34:43]}  Bb8 {[%clk 0:47:42]} 19. Re2 {[%clk 0:21:21]}  Qc7 {[%clk 0:37:36]} 20. Nf1 {[%clk 0:19:11]}  Rcd8 {[%clk 0:31:33]} 21. Rd2 {[%clk 0:18:19]}  Qc6 {[%clk 0:25:30]} 22. Rc1 {[%clk 0:17:50]}  Nb6 {[%clk 0:24:12]} 23. Bxf6 {[%clk 0:16:08]}  gxf6 {[%clk 0:23:44]} 24. Nd4 {[%clk 0:14:06]}  Qc8 {[%clk 0:20:17]} 25. Rdc2 {[%clk 0:09:52]}  c4 {[%clk 0:17:33]} 26. Qf3 {[%clk 0:09:38]}  Be5 {[%clk 0:15:27]} 27. Nf5 {[%clk 0:09:33]}  Kh8 {[%clk 0:15:08]} 28. Qh5 {[%clk 0:05:17]}  Qe6 {[%clk 0:10:35]} 29. f4 {[%clk 0:05:04]}  Bd6 {[%clk 0:09:57]} 30. Nh6 {[%clk 0:04:34]}  Rd7 {[%clk 0:09:19]} 31. Rf2 {[%clk 0:03:56]}  Bf8 {[%clk 0:08:04]} 32. Nf5 {[%clk 0:03:35]}  Ba3 {[%clk 0:07:25]} 33. Rcc2 {[%clk 0:03:00]}  Rg8 {[%clk 0:06:40]} 34. Nd4 {[%clk 0:03:06]}  Qe8 {[%clk 0:05:52]} 35. Qf5 {[%clk 0:03:12]}  Rd6 {[%clk 0:04:56]} 36. Nf3 {[%clk 0:02:47]}  Qe6 {[%clk 0:03:16]} 37. Nd4 {[%clk 0:02:43]}  Qxf5 {[%clk 0:02:20]} 38. Nxf5 {[%clk 0:03:06]}  Re6 {[%clk 0:02:42]} 39. Rfd2 {[%clk 0:02:31]}  Bc5 {[%clk 0:01:32]} 40. bxc4 {[%clk 0:01:48]}  dxc4 {[%clk 0:01:43]} 41. Nd4 {[%clk 0:01:26]}  Re4 {[%clk 0:30:10]} 42. g3 {[%clk 0:25:29]}  c3 {[%clk 0:23:43]} 43. Re2 {[%clk 0:15:46]}  Nd5 {[%clk 0:15:44]} 44. Kg2 {[%clk 0:12:25]}  Bxd4 {[%clk 0:06:13]} 45. exd4 {[%clk 0:12:38]}  Nxf4+ {[%clk 0:06:24]} 46. Kf3 {[%clk 0:12:10]}  Rxe2 {[%clk 0:06:40]} 47. Rxe2 {[%clk 0:12:28]}  Nxe2 {[%clk 0:07:05]} 48. Kxe2 {[%clk 0:12:37]}  Rb8 {[%clk 0:04:18]} 49. Kd3 {[%clk 0:11:38]}  Rb2 {[%clk 0:04:30]} 50. Kxc3 {[%clk 0:11:02]}  Rxa2 {[%clk 0:04:56]} 51. Kb3 {[%clk 0:07:09]}  Rf2 {[%clk 0:05:13]} 0-1

[Event "Amateur Tournament (ATO)"]
[Site "https://www.chess.com"]
[Date "2025.07.16"]
[Round "2"]
[White "Hirzel, Robin"]
[Black "Brand, Thomas"]
[Result "1-0"]
[Board "28"]
[WhiteFideId "1342320"]
[BlackFideId "34641009"]
[WhiteElo "1795"]
[BlackElo "1464"]
[WhiteTeam "SUI"]
[BlackTeam "GER"]
[WhiteClock "1:10:24"]
[BlackClock "0:52:30"]
[Variant "Standard"]

1. e4 {[%clk 1:30:56]}  c5 {[%clk 1:30:48]} 2. Nc3 {[%clk 1:31:22]}  d6 {[%clk 1:31:10]} 3. Bb5+ {[%clk 1:31:46]}  Bd7 {[%clk 1:31:20]} 4. Bxd7+ {[%clk 1:32:06]}  Nxd7 {[%clk 1:31:48]} 5. f4 {[%clk 1:32:29]}  Ngf6 {[%clk 1:31:41]} 6. Nf3 {[%clk 1:32:49]}  e6 {[%clk 1:31:30]} 7. O-O {[%clk 1:33:13]}  Be7 {[%clk 1:31:47]} 8. Qe1 {[%clk 1:33:19]}  Qb8 {[%clk 1:29:55]} 9. d3 {[%clk 1:33:09]}  O-O {[%clk 1:29:36]} 10. Qg3 {[%clk 1:32:59]}  Re8 {[%clk 1:25:19]} 11. Qh3 {[%clk 1:31:41]}  b5 {[%clk 1:15:06]} 12. g4 {[%clk 1:28:00]}  b4 {[%clk 1:12:47]} 13. Ne2 {[%clk 1:28:17]}  Rd8 {[%clk 1:09:40]} 14. Ng3 {[%clk 1:24:42]}  e5 {[%clk 1:04:59]} 15. fxe5 {[%clk 1:13:14]}  Nxe5 {[%clk 1:03:34]} 16. Nf5 {[%clk 1:12:49]}  Nxf3+ {[%clk 1:01:04]} 17. Qxf3 {[%clk 1:13:15]}  Qc7 {[%clk 0:58:40]} 18. Bg5 {[%clk 1:08:46]}  h6 {[%clk 0:53:36]} 19. Bxf6 {[%clk 1:08:47]}  gxf6 {[%clk 0:52:30]} 20. h4 {[%clk 1:10:24]} 1-0

[Event "Amateur Tournament (ATO)"]
[Site "https://www.chess.com"]
[Date "2025.07.16"]
[Round "2"]
[White "Balsiger, Matthias"]
[Black "Huber, Ruth"]
[Result "1/2-1/2"]
[Board "30"]
[WhiteFideId "1320653"]
[BlackFideId "1315234"]
[WhiteElo "1748"]
[BlackElo "1600"]
[WhiteTeam "SUI"]
[BlackTeam "SUI"]
[WhiteClock "0:16:41"]
[BlackClock "0:23:44"]
[Variant "Standard"]

1. e4 {[%clk 1:30:51]}  c5 {[%clk 1:30:49]} 2. Nf3 {[%clk 1:30:57]}  d6 {[%clk 1:31:12]} 3. d4 {[%clk 1:30:32]}  cxd4 {[%clk 1:31:24]} 4. Nxd4 {[%clk 1:30:37]}  Nf6 {[%clk 1:31:27]} 5. Nc3 {[%clk 1:30:04]}  g6 {[%clk 1:31:43]} 6. Bc4 {[%clk 1:29:11]}  Bg7 {[%clk 1:31:11]} 7. O-O {[%clk 1:29:17]}  O-O {[%clk 1:31:28]} 8. h3 {[%clk 1:17:34]}  a6 {[%clk 1:29:43]} 9. Be3 {[%clk 1:12:05]}  Bd7 {[%clk 1:28:01]} 10. a4 {[%clk 1:09:27]}  Nc6 {[%clk 1:22:56]} 11. Qd2 {[%clk 1:08:10]}  Rc8 {[%clk 1:20:03]} 12. Bb3 {[%clk 1:07:50]}  Na5 {[%clk 1:18:17]} 13. Ba2 {[%clk 0:53:10]}  Nc4 {[%clk 1:15:34]} 14. Bxc4 {[%clk 0:49:13]}  Rxc4 {[%clk 1:14:05]} 15. Rfd1 {[%clk 0:44:25]}  Qc8 {[%clk 1:04:45]} 16. Bh6 {[%clk 0:36:41]}  Qb8 {[%clk 0:56:54]} 17. Bxg7 {[%clk 0:35:31]}  Kxg7 {[%clk 0:53:16]} 18. b3 {[%clk 0:30:11]}  Rcc8 {[%clk 0:48:56]} 19. f3 {[%clk 0:29:12]}  b5 {[%clk 0:45:06]} 20. axb5 {[%clk 0:28:43]}  Bxb5 {[%clk 0:43:43]} 21. Ndxb5 {[%clk 0:26:44]}  axb5 {[%clk 0:43:53]} 22. Ra2 {[%clk 0:21:24]}  Qb6+ {[%clk 0:41:22]} 23. Kh1 {[%clk 0:21:37]}  Qc5 {[%clk 0:41:44]} 24. Nd5 {[%clk 0:21:22]}  Nxd5 {[%clk 0:39:41]} 25. Qxd5 {[%clk 0:21:34]}  Qxd5 {[%clk 0:38:15]} 26. Rxd5 {[%clk 0:21:40]}  Ra8 {[%clk 0:38:42]} 27. Rxa8 {[%clk 0:21:52]}  Rxa8 {[%clk 0:39:08]} 28. Rxb5 {[%clk 0:22:05]}  Ra1+ {[%clk 0:37:53]} 29. Kh2 {[%clk 0:22:19]}  Kf6 {[%clk 0:36:39]} 30. c4 {[%clk 0:21:46]}  e5 {[%clk 0:32:25]} 31. h4 {[%clk 0:19:43]}  Rc1 {[%clk 0:27:58]} 32. Rb7 {[%clk 0:19:44]}  Rc2 {[%clk 0:26:52]} 33. Kg3 {[%clk 0:18:45]}  Rc3 {[%clk 0:26:14]} 34. Kg4 {[%clk 0:16:49]}  h5+ {[%clk 0:26:10]} 35. Kg3 {[%clk 0:17:01]}  Rc2 {[%clk 0:25:05]} 36. Kh3 {[%clk 0:16:48]}  Rc3 {[%clk 0:24:41]} 37. Kg3 {[%clk 0:16:44]}  Rc2 {[%clk 0:23:36]} 38. Kh3 {[%clk 0:16:41]}  Rc3 {[%clk 0:23:44]} 1/2-1/2

[Event "Amateur Tournament (ATO)"]
[Site "https://www.chess.com"]
[Date "2025.07.16"]
[Round "2"]
[White "Stroo, Kees"]
[Black "Ulmann, Olivier"]
[Result "1/2-1/2"]
[Board "31"]
[WhiteFideId "1337084"]
[BlackFideId "1316770"]
[WhiteElo "1544"]
[BlackElo "1733"]
[WhiteTeam "SUI"]
[BlackTeam "SUI"]
[WhiteClock "0:18:16"]
[BlackClock "0:01:42"]
[Variant "Standard"]

1. d4 {[%clk 1:30:56]}  Nf6 {[%clk 1:30:32]} 2. c4 {[%clk 1:31:01]}  e6 {[%clk 1:30:47]} 3. Nc3 {[%clk 1:30:31]}  Bb4 {[%clk 1:31:02]} 4. Qc2 {[%clk 1:29:26]}  d5 {[%clk 1:30:41]} 5. a3 {[%clk 1:28:19]}  Bxc3+ {[%clk 1:29:09]} 6. Qxc3 {[%clk 1:27:21]}  Ne4 {[%clk 1:26:47]} 7. Qc2 {[%clk 1:25:00]}  O-O {[%clk 1:23:39]} 8. e3 {[%clk 1:22:07]}  f5 {[%clk 1:17:14]} 9. Bd3 {[%clk 1:18:22]}  b6 {[%clk 1:09:13]} 10. cxd5 {[%clk 1:14:26]}  exd5 {[%clk 1:05:35]} 11. Nf3 {[%clk 1:12:27]}  Ba6 {[%clk 1:02:39]} 12. Bxa6 {[%clk 1:07:38]}  Nxa6 {[%clk 1:00:38]} 13. O-O {[%clk 1:02:25]}  Qd6 {[%clk 0:53:25]} 14. b4 {[%clk 0:57:58]}  b5 {[%clk 0:40:17]} 15. Bb2 {[%clk 0:53:12]}  Rf6 {[%clk 0:36:24]} 16. Rac1 {[%clk 0:51:47]}  Re8 {[%clk 0:30:18]} 17. Ne5 {[%clk 0:50:20]}  Ree6 {[%clk 0:28:47]} 18. Qe2 {[%clk 0:43:23]}  f4 {[%clk 0:18:51]} 19. Qxb5 {[%clk 0:38:29]}  f3 {[%clk 0:16:11]} 20. Nxf3 {[%clk 0:36:27]}  Rxf3 {[%clk 0:14:21]} 21. gxf3 {[%clk 0:35:21]}  Nd2 {[%clk 0:11:58]} 22. Kg2 {[%clk 0:32:49]}  c6 {[%clk 0:01:37]} 23. Qxa6 {[%clk 0:27:06]}  Rg6+ {[%clk 0:01:25]} 24. Kh1 {[%clk 0:27:06]}  Qf8 {[%clk 0:01:14]} 25. f4 {[%clk 0:25:38]}  Qe8 {[%clk 0:00:45]} 26. Qe2 {[%clk 0:24:29]}  Nxf1 {[%clk 0:00:40]} 27. Rxf1 {[%clk 0:24:23]}  Qe6 {[%clk 0:00:40]} 28. Rg1 {[%clk 0:24:15]}  Qe4+ {[%clk 0:00:41]} 29. f3 {[%clk 0:24:09]}  Rxg1+ {[%clk 0:00:56]} 30. Kxg1 {[%clk 0:24:26]}  Qb1+ {[%clk 0:00:50]} 31. Kg2 {[%clk 0:24:06]}  Qg6+ {[%clk 0:01:07]} 32. Kf1 {[%clk 0:22:10]}  Qb1+ {[%clk 0:01:21]} 33. Kf2 {[%clk 0:21:57]}  Qh1 {[%clk 0:01:15]} 34. Kg3 {[%clk 0:21:27]}  Qg1+ {[%clk 0:01:17]} 35. Kh3 {[%clk 0:20:12]}  Qg6 {[%clk 0:00:41]} 36. Qf2 {[%clk 0:18:18]}  Qf5+ {[%clk 0:00:50]} 37. Kg2 {[%clk 0:18:19]}  Qg6+ {[%clk 0:01:05]} 38. Qg3 {[%clk 0:17:59]}  Qc2+ {[%clk 0:01:21]} 39. Qf2 {[%clk 0:18:16]}  Qg6+ {[%clk 0:01:42]} 1/2-1/2

[Event "Amateur Tournament (ATO)"]
[Site "https://www.chess.com"]
[Date "2025.07.16"]
[Round "2"]
[White "Harte, Bernd"]
[Black "Hakvoort, Remy"]
[Result "0-1"]
[Board "33"]
[WhiteFideId "1356399"]
[BlackFideId "1047094"]
[WhiteElo "1646"]
[BlackElo "1834"]
[WhiteTeam "SUI"]
[BlackTeam "NED"]
[WhiteClock "1:01:16"]
[BlackClock "0:50:38"]
[Variant "Standard"]

1. g4 {[%clk 1:31:00]}  d5 {[%clk 1:30:46]} 2. Bg2 {[%clk 1:31:21]}  c6 {[%clk 1:30:13]} 3. c4 {[%clk 1:30:45]}  e6 {[%clk 1:27:56]} 4. cxd5 {[%clk 1:29:16]}  exd5 {[%clk 1:28:11]} 5. Nc3 {[%clk 1:29:05]}  Bxg4 {[%clk 1:27:42]} 6. Qb3 {[%clk 1:27:59]}  Qe7 {[%clk 1:23:16]} 7. d3 {[%clk 1:27:12]}  Na6 {[%clk 1:22:46]} 8. Be3 {[%clk 1:23:52]}  Qb4 {[%clk 1:16:01]} 9. Qxb4 {[%clk 1:23:18]}  Bxb4 {[%clk 1:16:00]} 10. O-O-O {[%clk 1:23:25]}  Ne7 {[%clk 1:15:47]} 11. Nf3 {[%clk 1:22:53]}  Ng6 {[%clk 1:15:47]} 12. Rhe1 {[%clk 1:23:03]}  O-O {[%clk 1:15:44]} 13. a3 {[%clk 1:21:37]}  Bd6 {[%clk 1:14:43]} 14. h3 {[%clk 1:15:10]}  Bh5 {[%clk 1:08:05]} 15. b4 {[%clk 1:10:22]}  Nc7 {[%clk 1:05:10]} 16. Kb2 {[%clk 1:09:12]}  a5 {[%clk 1:04:35]} 17. Bc5 {[%clk 1:07:44]}  axb4 {[%clk 1:01:58]} 18. axb4 {[%clk 1:07:41]}  Bxc5 {[%clk 1:01:37]} 19. bxc5 {[%clk 1:07:46]}  Nf4 {[%clk 1:01:16]} 20. Bf1 {[%clk 1:07:30]}  Ra5 {[%clk 0:59:16]} 21. d4 {[%clk 1:07:10]}  Rfa8 {[%clk 0:58:47]} 22. Ra1 {[%clk 1:06:59]}  Rxa1 {[%clk 0:56:29]} 23. Rxa1 {[%clk 1:07:11]}  Rxa1 {[%clk 0:50:29]} 24. Kxa1 {[%clk 1:07:24]}  Bxf3 {[%clk 0:50:19]} 25. exf3 {[%clk 1:00:49]}  Nce6 {[%clk 0:50:18]} 26. Ne2 {[%clk 1:00:49]}  Nxe2 {[%clk 0:50:17]} 27. Bxe2 {[%clk 1:01:06]}  Nxd4 {[%clk 0:50:40]} 28. Bd1 {[%clk 1:01:16]}  Ne6 {[%clk 0:50:38]} 0-1